Prime ministers of Norway - Statistics

General Stats
  • This quiz has been taken 51 times
  • The average score is 14 of 42
Answer Stats
Answer % Correct
Erna Solberg
97%
Jens Stoltenberg
91%
Jonas Gahr Støre
91%
Gro Harlem Brundtland
70%
Kåre Willoch
70%
Kjell Magne Bondevik
64%
Einar Gerhardsen
55%
Jan P. Syse
48%
Thorbjørn Jagland
48%
Johan Nygaardsvold
42%
Odvar Nordli
42%
Trygve Bratteli
42%
Christian Michelsen
39%
Per Borten
39%
John Lyng
36%
Lars Korvald
30%
Oscar Torp
30%
Gunnar Knudsen
27%
Jens Bratlie
27%
Emil Stang
24%
Frederik Stang
24%
Johan Sverdrup
24%
Christopher Hornsrud
21%
Johan Ludwig Mowinkel
21%
Jørgen Løvland
18%
Peder Anker
18%
Peder Kolstad
18%
Wollert Konow
18%
Christian Selmer
15%
Ivar Lykke
15%
Jens Hundseid
15%
Johannes Steen
15%
Otto B. Halvorsen
15%
Otto Blehr
15%
Abraham Berge
12%
Francis Hagerup
12%
Frederik Due
12%
Georg Sibbern
12%
Mathias Sommerhielm
12%
Otto Richard Kierulf
12%
Severin Løvenskiold
12%
Christian Schweigaard
9%
No matching quizzes found
Score Distribution
Percent of People with Each Score
Percentile by Number Answered
Your Score History
You have not taken this quiz